000
00216nam a2200097 a 4500
005
20200930073801.0
008
111010s1997 000 spa d
245
3
_a
El polĂtico :.
260
_c
1997.
999
_c
34080
_d
34080
040
_a
DO-SdBNP